[Event "Belgrade-chT Quality"]
[Site "Belgrade"]
[Date "2022.10.09"]
[Round "8.5"]
[White "Nedeljkovic, Dragan"]
[Black "Brankovic, Vladislav"]
[Result "0-1"]
[WhiteElo "2035"]
[BlackElo "2125"]
[PlyCount "54"]
[EventDate "2022.10.01"]
[EventType "team-tourn"]
[EventRounds "11"]
[EventCountry "SRB"]
[SourceTitle "EXT 2024"]
[Source "ChessBase"]
[SourceDate "2023.10.10"]
[SourceVersion "1"]
[SourceVersionDate "2023.10.10"]
[SourceQuality "1"]
[WhiteTeam "Belgrade PTT"]
[BlackTeam "Belgrade Turbina"]
[WhiteTeamCountry "SRB"]
[BlackTeamCountry "SRB"]

1. e4 c5 2. Nf3 Nc6 3. d4 cxd4 4. Nxd4 e5 5. Nxc6 bxc6 6. Nc3 Nf6 7. Be2 Bb4 8. Qd3 0-0 9. 0-0 d5 10. exd5 cxd5 11. Rd1 Bb7 12. Qg3 Re8 13. Bh6 Bf8 14. Bg5 d4 15. Bb5 Re6 16. Bc4 Rd6 17. Nb5 Rc6 18. Qb3 Qd7 19. Bxf6 Rxf6 20. Bf1 Rb6 21. Qd3 Rd8 22. f3 f5 23. Kh1 Kh8 24. c3 a6 25. Na3 Bxa3 26. bxa3 Rd6 27. Rab1 e4 0-1

[Event "Belgrade Premier League"]
[Site "Belgrade"]
[Date "2021.10.08"]
[Round "7.5"]
[White "Brankovic, Vladislav"]
[Black "Masic, Predrag"]
[Result "1/2-1/2"]
[WhiteElo "2127"]
[BlackElo "2262"]
[PlyCount "27"]
[EventDate "2021.10.01"]
[EventType "team-tourn"]
[EventRounds "11"]
[EventCountry "SRB"]
[SourceTitle "CBM 204 Extra"]
[Source "ChessBase"]
[SourceDate "2021.11.30"]
[SourceVersion "1"]
[SourceVersionDate "2021.11.30"]
[SourceQuality "1"]
[WhiteTeam "Belgrade Turbina"]
[BlackTeam "Belgrade Crvena Zvezda"]
[WhiteTeamCountry "SRB"]
[BlackTeamCountry "SRB"]

1. e4 c5 2. Nf3 a6 3. a4 e6 4. Nc3 Nc6 5. Bc4 Nf6 6. Qe2 d6 7. d3 Be7 8. 0-0 0-0 9. Bg5 Ng4 10. Bxe7 Qxe7 11. h3 Nge5 12. Nxe5 dxe5 13. Qd2 Qc7 14. Ne2 1/2-1/2

[Event "Belgrade Premier League"]
[Site "Belgrade"]
[Date "2021.10.02"]
[Round "2.3"]
[White "Brankovic, Vladislav"]
[Black "Jakovljevic, Zoran D"]
[Result "0-1"]
[WhiteElo "2127"]
[BlackElo "2061"]
[PlyCount "116"]
[EventDate "2021.10.01"]
[EventType "team-tourn"]
[EventRounds "11"]
[EventCountry "SRB"]
[SourceTitle "CBM 204 Extra"]
[Source "ChessBase"]
[SourceDate "2021.11.30"]
[SourceVersion "1"]
[SourceVersionDate "2021.11.30"]
[SourceQuality "1"]
[WhiteTeam "Belgrade Turbina"]
[BlackTeam "Mirijevo"]
[WhiteTeamCountry "SRB"]
[BlackTeamCountry "SRB"]

1. e4 d6 2. d4 g6 3. h4 h5 4. c4 Bg7 5. Nc3 Nc6 6. Be3 Nf6 7. d5 Ne5 8. Bd4 0-0 9. Be2 Neg4 10. f3 Nh6 11. Nh3 c5 12. Be3 a6 13. Qd2 Bxh3 14. Bxh6 Bd7 15. Bxg7 Kxg7 16. f4 b5 17. 0-0 b4 18. e5 bxc3 19. exf6+ exf6 20. Qxc3 Re8 21. Rae1 Bf5 22. Bd1 Qd7 23. a3 Bg4 24. Bc2 Bf5 25. Bd1 Re4 26. Rxe4 Bxe4 27. Re1 Bf5 28. Re3 Re8 29. b4 Rc8 30. Be2 Qb7 31. Qb3 cxb4 32. axb4 Qb6 33. Kh2 Qd4 34. Kg3 Rb8 35. b5 axb5 36. cxb5 Be4 37. Bf3 Bxf3 38. Rxf3 Qc5 39. Rd3 Rxb5 40. Qd1 Rb2 41. Qf3 f5 42. Rc3 Qd4 43. Rd3 Qe4 44. Rd1 Re2 45. Rd3 Kh7 46. Kh3 Rc2 47. Rd1 Qb4 48. Kg3 Qc5 49. Rd3 Qg1 50. Rb3 Qe1+ 51. Kh3 Rf2 52. Qg3 Qh1+ 53. Qh2 Qxh2+ 54. Kxh2 Rxf4 55. Rb6 Rxh4+ 56. Kg3 Rd4 57. Rxd6 Kh6 58. Rd8 Kg5 0-1

[Event "Belgrade-chT Quality"]
[Site "Belgrade"]
[Date "2020.10.25"]
[Round "6.2"]
[White "Markovic, Vladimir"]
[Black "Brankovic, Vladislav"]
[Result "1-0"]
[WhiteElo "2146"]
[BlackElo "2145"]
[PlyCount "87"]
[EventDate "2020.10.09"]
[EventType "team-tourn"]
[EventRounds "9"]
[EventCountry "SRB"]
[SourceTitle "EXT 2022"]
[Source "ChessBase"]
[SourceDate "2021.10.06"]
[SourceVersion "1"]
[SourceVersionDate "2021.10.06"]
[SourceQuality "1"]
[WhiteTeam "Belgrade Borca"]
[BlackTeam "Belgrade Turbina"]
[WhiteTeamCountry "SRB"]
[BlackTeamCountry "SRB"]

1. e4 c5 2. c3 d5 3. exd5 Qxd5 4. d4 cxd4 5. cxd4 Nc6 6. Nf3 Bg4 7. Nc3 Bxf3 8. gxf3 Qxd4 9. Qxd4 Nxd4 10. Nb5 Nc2+ 11. Kd1 Nxa1 12. Nc7+ Kd8 13. Nxa8 Kc8 14. Bf4 Nf6 15. Bc4 Nh5 16. Be5 e6 17. Kc1 Be7 18. Kb1 Rd8 19. Rc1 Nc2 20. Bb3 Bd6 21. Rxc2+ Kd7 22. Ba4+ Ke7 23. Bxd6+ Kxd6 24. Nc7 a6 25. Ne8+ Ke5 26. Rc5+ Rd5 27. Rc7 b5 28. Bb3 Rd8 29. Re7 Nf4 30. Nc7 Nd3 31. Rxf7 Nc5 32. Bc2 b4 33. Rxg7 Kd6 34. Bxh7 Rc8 35. Nxa6 Nxa6 36. h4 Rf8 37. Rb7 Kc5 38. Bd3 Nb8 39. Be4 Rh8 40. h5 Na6 41. Bd3 Nb8 42. h6 Nc6 43. h7 Ne5 44. Be4 1-0

[Event "SRB-chT Premier"]
[Site "Ruma"]
[Date "2020.09.29"]
[Round "6.5"]
[White "Brankovic, Vladislav"]
[Black "Velickovic, Sasa"]
[Result "1/2-1/2"]
[WhiteElo "2145"]
[BlackElo "2307"]
[PlyCount "102"]
[EventDate "2020.09.25"]
[EventType "team-tourn"]
[EventRounds "11"]
[EventCountry "SRB"]
[SourceTitle "CBM 198 Extra"]
[Source "ChessBase"]
[SourceDate "2020.11.30"]
[SourceVersion "1"]
[SourceVersionDate "2020.11.30"]
[SourceQuality "1"]
[WhiteTeam "Belgrade Partizan"]
[BlackTeam "Belgrade Crvena Zvezda"]
[WhiteTeamCountry "SRB"]
[BlackTeamCountry "SRB"]

1. e4 c5 2. Nf3 d6 3. Bb5+ Bd7 4. Bxd7+ Qxd7 5. 0-0 Nc6 6. b3 Nf6 7. Re1 e6 8. Bb2 Be7 9. e5 dxe5 10. Nxe5 Nxe5 11. Bxe5 0-0 12. d3 Nd5 13. Nc3 Nb4 14. Ne4 Nc6 15. Bb2 Rad8 16. Qh5 Qd5 17. Qh3 Rfe8 18. Rad1 Nd4 19. c3 Nc6 20. f4 f5 21. Qg3 Qd7 22. Ng5 Bf6 23. Nf3 Qc7 24. Re3 Re7 25. Rde1 Rde8 26. h4 Qa5 27. a3 Bxc3 28. Bxc3 Qxc3 29. d4 Qa5 30. dxc5 Qxa3 31. Rc3 Qb4 32. Ree3 a6 33. Rc4 Qa5 34. Qg5 Qa1+ 35. Kf2 Qf6 36. Qxf6 gxf6 37. Nd4 Nxd4 38. Rxd4 Kf7 39. b4 h6 40. Rd6 Rc8 41. Rc3 Rec7 42. h5 Re7 43. Rb6 Rd7 44. Re3 Re8 45. Rg3 Rc7 46. Rg6 Rh8 47. Ke3 Rh7 48. Kd4 Rh8 49. Kc4 Rh7 50. b5 axb5+ 51. Kxb5 Rh8 1/2-1/2

[Event "SRB-chT Premier"]
[Site "Ruma"]
[Date "2020.09.29"]
[Round "7.2"]
[White "Tadic, Branko"]
[Black "Brankovic, Vladislav"]
[Result "1-0"]
[WhiteElo "2500"]
[BlackElo "2145"]
[PlyCount "91"]
[EventDate "2020.09.25"]
[EventType "team-tourn"]
[EventRounds "11"]
[EventCountry "SRB"]
[SourceTitle "CBM 198 Extra"]
[Source "ChessBase"]
[SourceDate "2020.11.30"]
[SourceVersion "1"]
[SourceVersionDate "2020.11.30"]
[SourceQuality "1"]
[WhiteTeam "Vladimirci"]
[BlackTeam "Belgrade Partizan"]
[WhiteTeamCountry "SRB"]
[BlackTeamCountry "SRB"]

1. Nf3 d5 2. g3 Nf6 3. Bg2 c5 4. 0-0 Nc6 5. d4 e6 6. c4 cxd4 7. Nxd4 Bc5 8. Nb3 Bb6 9. cxd5 Nxd5 10. N1d2 0-0 11. a3 e5 12. Nc4 Be6 13. Nxb6 axb6 14. Nd2 b5 15. Ne4 Qb6 16. Ng5 Rfd8 17. Nxe6 fxe6 18. Bg5 Nf6 19. Qe1 b4 20. e3 bxa3 21. bxa3 Qa6 22. Qb1 Rd7 23. Bh3 Na5 24. Rc1 Qd6 25. Qc2 Rad8 26. Rab1 Re8 27. Rd1 Qc7 28. Qa4 Rxd1+ 29. Rxd1 Nc6 30. Qc4 Kf7 31. Qh4 Kg6 32. Bf1 h6 33. Bd3+ e4 34. Bxf6 exd3 35. Bb2 Rd8 36. Qg4+ Kh7 37. Qe4+ Kg8 38. Qxe6+ Qf7 39. Qxf7+ Kxf7 40. Kg2 g6 41. Kf3 Ke6 42. Ke4 d2 43. Bd4 Nxd4 44. exd4 Ra8 45. Rxd2 Rxa3 46. Rb2 1-0

[Event "SRB-chT Premier"]
[Site "Ruma"]
[Date "2020.09.26"]
[Round "2.3"]
[White "Brankovic, Vladislav"]
[Black "Cabarkapa, Novak"]
[Result "0-1"]
[WhiteElo "2145"]
[BlackElo "2453"]
[PlyCount "50"]
[EventDate "2020.09.25"]
[EventType "team-tourn"]
[EventRounds "11"]
[EventCountry "SRB"]
[SourceTitle "CBM 198 Extra"]
[Source "ChessBase"]
[SourceDate "2020.11.30"]
[SourceVersion "1"]
[SourceVersionDate "2020.11.30"]
[SourceQuality "1"]
[WhiteTeam "Belgrade Partizan"]
[BlackTeam "Subotica Spartak"]
[WhiteTeamCountry "SRB"]
[BlackTeamCountry "SRB"]

1. e4 c5 2. Nf3 d6 3. Bb5+ Nd7 4. 0-0 a6 5. Bxd7+ Bxd7 6. Re1 e6 7. c3 Ne7 8. d4 Ng6 9. b4 cxb4 10. cxb4 Be7 11. Qb3 0-0 12. Nc3 b5 13. Be3 Qb8 14. Rec1 Qb7 15. d5 e5 16. Nd2 Bd8 17. Rc2 Nh4 18. g3 f5 19. f3 f4 20. Bxf4 Qb6+ 21. Kh1 Ng6 22. Bxe5 Nxe5 23. Kg2 Qe3 24. Rf1 Bb6 25. f4 Rxf4 0-1

[Event "Paracin Orbis IM 5th"]
[Site "Paracin"]
[Date "2019.12.27"]
[Round "5"]
[White "Brankovic, Dejan"]
[Black "Brankovic, Vladislav"]
[Result "1/2-1/2"]
[WhiteElo "2303"]
[BlackElo "2231"]
[PlyCount "38"]
[EventDate "2019.12.24"]
[EventType "tourn"]
[EventRounds "9"]
[EventCountry "SRB"]
[EventCategory "1"]
[SourceTitle "CBM 194 Extra"]
[Source "ChessBase"]
[SourceDate "2020.03.31"]
[SourceVersion "1"]
[SourceVersionDate "2020.03.31"]
[SourceQuality "1"]

1. Nf3 d5 2. g3 c6 3. Bg2 Bg4 4. d3 Nd7 5. 0-0 e6 6. Qe1 Bd6 7. e4 Ne7 8. b3 0-0 9. Bb2 e5 10. exd5 Nxd5 11. Nbd2 Re8 12. Nc4 Bc7 13. Qd2 Qf6 14. Qg5 Qe6 15. Rfe1 h6 16. Qd2 Qf6 17. Qe2 Bh5 18. a3 Qg6 19. Qd2 Qf6 1/2-1/2

[Event "Belgrade-chT Quality"]
[Site "Belgrade"]
[Date "2019.10.20"]
[Round "6.1"]
[White "Brankovic, Vladislav"]
[Black "Mihic, Bojan"]
[Result "1/2-1/2"]
[WhiteElo "2121"]
[BlackElo "2358"]
[PlyCount "23"]
[EventDate "2019.10.05"]
[EventType "team-tourn"]
[EventRounds "11"]
[EventCountry "SRB"]
[SourceTitle "EXT 2022"]
[Source "ChessBase"]
[SourceDate "2021.10.06"]
[SourceVersion "1"]
[SourceVersionDate "2021.10.06"]
[SourceQuality "1"]
[WhiteTeam "Delfin"]
[BlackTeam "Belgrade Politika"]
[WhiteTeamCountry "SRB"]
[BlackTeamCountry "SRB"]

1. e4 g6 2. d4 Bg7 3. Nc3 a6 4. a4 b6 5. f4 d5 6. Nxd5 e6 7. Ne3 Qxd4 8. Qxd4 Bxd4 9. Nf3 Bg7 10. a5 b5 11. c4 b4 12. Bd3 1/2-1/2

[Event "Belgrade-chT"]
[Site "Belgrade"]
[Date "2019.10.02"]
[Round "9.6"]
[White "Brankovic, Vladislav"]
[Black "Radusinovic, Lazar"]
[Result "1/2-1/2"]
[WhiteElo "2121"]
[BlackElo "2358"]
[PlyCount "78"]
[EventDate "2019.09.23"]
[EventType "team-tourn"]
[EventRounds "11"]
[EventCountry "SRB"]
[SourceTitle "EXT 2020"]
[Source "ChessBase"]
[SourceDate "2019.10.17"]
[SourceVersion "1"]
[SourceVersionDate "2019.10.17"]
[SourceQuality "1"]
[WhiteTeam "Partizan"]
[BlackTeam "Lasta"]
[WhiteTeamCountry "SRB"]
[BlackTeamCountry "SRB"]

1. e4 c5 2. Nf3 Nc6 3. Bb5 Na5 4. c3 a6 5. Ba4 c4 6. b4 Nc6 7. d4 cxd3 8. Qxd3 b5 9. Bb3 e6 10. a4 bxa4 11. Bxa4 Bb7 12. Be3 Qc7 13. Nbd2 Nf6 14. 0-0 Be7 15. Nc4 d5 16. Na5 0-0 17. e5 Ne4 18. Nxb7 Qxb7 19. Rfc1 Rfc8 20. Bxc6 Qxc6 21. Nd4 Qc4 22. Qxc4 Rxc4 23. Ne2 f6 24. f4 g5 25. g3 gxf4 26. gxf4 Kf7 27. Ra2 Rc6 28. Bd4 Rg8+ 29. Kh1 Bd8 30. h3 Ng3+ 31. Kh2 Nxe2 32. Rxe2 Bb6 33. Bxb6 Rxb6 34. Ra1 Rc8 35. Re3 Rc4 36. Kg3 d4 37. cxd4 Rxd4 38. Rc1 fxe5 39. Rc7+ Kg6 1/2-1/2

[Event "Paracin Summer op-A 12th"]
[Site "Paracin"]
[Date "2019.07.08"]
[Round "4"]
[White "Brankovic, Vladislav"]
[Black "O'Donnell, Conor"]
[Result "0-1"]
[WhiteElo "2144"]
[BlackElo "2341"]
[PlyCount "60"]
[EventDate "2019.07.05"]
[EventType "swiss"]
[EventRounds "9"]
[EventCountry "SRB"]
[SourceTitle "CBM 191 Extra"]
[Source "ChessBase"]
[SourceDate "2019.09.30"]
[SourceVersion "1"]
[SourceVersionDate "2019.09.30"]
[SourceQuality "1"]

1. e4 e5 2. Nf3 Nc6 3. Nc3 Nf6 4. Bb5 Bd6 5. d3 h6 6. h3 0-0 7. Be3 a6 8. Bc4 b5 9. Bb3 Na5 10. Qd2 Bb7 11. Ne2 Nxb3 12. axb3 Re8 13. Nh2 Bf8 14. g4 d5 15. f3 Nh7 16. 0-0 Be7 17. Qe1 c5 18. Rd1 Qc7 19. Qg3 c4 20. bxc4 bxc4 21. exd5 cxd3 22. Rxd3 Qxc2 23. Rd2 Qb3 24. Nc3 Bb4 25. d6 Rad8 26. Rfd1 Rd7 27. g5 hxg5 28. Bxg5 Re6 29. Rd3 Bxc3 30. bxc3 Nxg5 0-1

[Event "Paracin Summer op-A 12th"]
[Site "Paracin"]
[Date "2019.07.06"]
[Round "2"]
[White "Brankovic, Vladislav"]
[Black "Soysal, Serkan"]
[Result "1/2-1/2"]
[WhiteElo "2144"]
[BlackElo "2431"]
[PlyCount "69"]
[EventDate "2019.07.05"]
[EventType "swiss"]
[EventRounds "9"]
[EventCountry "SRB"]
[SourceTitle "EXT 2020"]
[Source "ChessBase"]
[SourceDate "2019.10.17"]
[SourceVersion "1"]
[SourceVersionDate "2019.10.17"]
[SourceQuality "1"]

1. e4 d5 2. exd5 Nf6 3. d4 Bg4 4. Be2 Bxe2 5. Nxe2 Qxd5 6. 0-0 Nc6 7. c3 0-0-0 8. Nf4 Qf5 9. Qd3 Qxd3 10. Nxd3 e5 11. Nxe5 Nxe5 12. dxe5 Ng4 13. Bf4 Bc5 14. Nd2 Nxe5 15. Ne4 Nd3 16. Nxc5 Nxc5 17. Be3 Na4 18. Rab1 f6 19. Rfc1 Rhe8 20. Kf1 Re6 21. b3 Nb6 22. Bxb6 axb6 23. Rd1 Rde8 24. Re1 Kd7 25. Rxe6 Rxe6 26. Rd1+ Kc6 27. Rd3 b5 28. f3 Re8 29. h4 h5 30. Kf2 Ra8 31. Rd2 g5 32. g3 Re8 33. Rd4 Ra8 34. Rd2 Re8 35. Rd4 1/2-1/2

[Event "Belgrade-chTB Quality"]
[Site "Belgrade"]
[Date "2018.10.06"]
[Round "3.3"]
[White "Panic, Sasa"]
[Black "Brankovic, Vladislav"]
[Result "0-1"]
[WhiteElo "1746"]
[BlackElo "2108"]
[PlyCount "72"]
[EventDate "2018.09.29"]
[EventType "team-tourn"]
[EventRounds "11"]
[EventCountry "SRB"]
[SourceTitle "CBM 187 Extra"]
[Source "ChessBase"]
[SourceDate "2018.11.04"]
[SourceVersion "1"]
[SourceVersionDate "2018.11.04"]
[SourceQuality "1"]
[WhiteTeam "Belgrade Rakovica"]
[BlackTeam "Belgrade EDB"]
[WhiteTeamCountry "SRB"]
[BlackTeamCountry "SRB"]

1. e4 g6 2. d4 Bg7 3. f4 d6 4. Be3 c5 5. c3 Nf6 6. dxc5 0-0 7. Nd2 Ng4 8. Qf3 Nxe3 9. Qxe3 dxc5 10. Qxc5 e5 11. g3 exf4 12. gxf4 Qh4+ 13. Qf2 Qe7 14. Bc4 Be6 15. Bb3 a5 16. Ne2 a4 17. Bc2 a3 18. b3 Qc7 19. Qg3 f5 20. e5 Nc6 21. 0-0-0 Rac8 22. h4 Bd5 23. Rh2 Nxe5 24. h5 Ng4 25. Rh3 Rfe8 26. Nb1 Rxe2 27. Rxd5 Re3 28. Qg2 Qxf4 29. Rd2 Rxh3 30. Qxh3 Bh6 31. hxg6 hxg6 32. b4 Qe5 33. Bb3+ Kg7 34. Kc2 Bxd2 35. Nxd2 Ne3+ 36. Kb1 Qxc3 0-1

[Event "Belgrade-chTB Quality"]
[Site "Belgrade"]
[Date "2018.09.30"]
[Round "2.3"]
[White "Brankovic, Vladislav"]
[Black "Simonovic, Miroslav"]
[Result "0-1"]
[WhiteElo "2108"]
[BlackElo "2219"]
[PlyCount "124"]
[EventDate "2018.09.29"]
[EventType "team-tourn"]
[EventRounds "11"]
[EventCountry "SRB"]
[SourceTitle "CBM 187 Extra"]
[Source "ChessBase"]
[SourceDate "2018.11.04"]
[SourceVersion "1"]
[SourceVersionDate "2018.11.04"]
[SourceQuality "1"]
[WhiteTeam "Belgrade EDB"]
[BlackTeam "Belgrade Politika"]
[WhiteTeamCountry "SRB"]
[BlackTeamCountry "SRB"]

1. e4 c5 2. Nf3 Nc6 3. c3 d5 4. exd5 Qxd5 5. d4 Bg4 6. Be3 Bxf3 7. Qxf3 Qxf3 8. gxf3 cxd4 9. cxd4 e6 10. Bb5 Bb4+ 11. Nc3 Nge7 12. a3 Ba5 13. b4 Bb6 14. Na4 0-0-0 15. Nxb6+ axb6 16. Rc1 Kb8 17. Rg1 g6 18. Rc4 Rd5 19. a4 Rc8 20. Ke2 Rf5 21. Rg5 Rxg5 22. Bxg5 Nd5 23. Bd2 Kc7 24. a5 Kd6 25. a6 bxa6 26. Bxa6 Rb8 27. b5 Nce7 28. Kd3 f6 29. f4 Kd7 30. Rc1 Nc7 31. Ke4 Ned5 32. h4 Ra8 33. Bb7 Ra3 34. Bc6+ Kd6 35. Be3 Nc3+ 36. Kf3 N7xb5 37. Bxb5 Nxb5 38. Rc8 Nc7 39. Rh8 b5 40. Ke2 h5 41. Rg8 b4 42. Kd2 Ra1 43. Kc2 Nd5 44. Rxg6 Rh1 45. Bd2 Rxh4 46. Rg8 Rh2 47. Be1 h4 48. f5 Ne3+ 49. Kd3 Nxf5 50. Bxb4+ Kd7 51. f4 Rh3+ 52. Kc4 Rf3 53. Bd2 Rf2 54. Kd3 h3 55. Rh8 h2 56. Rh7+ Ke8 57. Rh8+ Kf7 58. Rh7+ Kg6 59. Rh3 Rg2 60. Be1 Rg1 61. Rxh2 Rxe1 62. Rd2 Re3+ 0-1

[Event "Belgrade-chT"]
[Site "Belgrade"]
[Date "2017.11.01"]
[Round "10.3"]
[White "Milutinovic, Dejan D"]
[Black "Brankovic, Vladislav"]
[Result "1/2-1/2"]
[WhiteElo "2050"]
[BlackElo "2085"]
[PlyCount "58"]
[EventDate "2017.10.01"]
[EventType "team-tourn"]
[EventRounds "11"]
[EventCountry "SRB"]
[SourceTitle "CBM 181 Extra"]
[Source "ChessBase"]
[SourceDate "2017.12.12"]
[SourceVersion "1"]
[SourceVersionDate "2017.12.12"]
[SourceQuality "1"]
[WhiteTeam "Lasta"]
[BlackTeam "GSP Polet"]
[WhiteTeamCountry "SRB"]
[BlackTeamCountry "SRB"]

1. Nf3 d5 2. c3 Nf6 3. d3 c6 4. Nbd2 Nbd7 5. e4 e5 6. Be2 Bd6 7. a4 a5 8. Qc2 Qe7 9. 0-0 0-0 10. Re1 Re8 11. b3 Nf8 12. Bf1 Qc7 13. Bb2 Ng6 14. g3 Bd7 15. Rac1 Rad8 16. d4 dxe4 17. Nxe4 Nxe4 18. Qxe4 Qb6 19. Qc2 Be6 20. c4 Bb4 21. c5 Qc7 22. Re3 exd4 23. Nxd4 Bd5 24. Nf5 Rxe3 25. Nxe3 Be6 26. Bd3 Qd7 27. Rd1 Qe7 28. Rc1 Qd7 29. Rd1 Qe7 1/2-1/2

[Event "Belgrade-chT Premier"]
[Site "Belgrade"]
[Date "2017.09.24"]
[Round "6.4"]
[White "Djerfi, Karolj"]
[Black "Brankovic, Vladislav"]
[Result "1/2-1/2"]
[WhiteElo "2246"]
[BlackElo "2104"]
[PlyCount "84"]
[EventDate "2017.09.18"]
[EventType "team"]
[EventRounds "9"]
[EventCountry "SRB"]
[SourceTitle "CBM 180 Extra"]
[Source "ChessBase"]
[SourceDate "2017.10.06"]
[SourceVersion "1"]
[SourceVersionDate "2017.10.06"]
[SourceQuality "1"]
[WhiteTeam "Grocka"]
[BlackTeam "Delfin"]
[WhiteTeamCountry "SRB"]
[BlackTeamCountry "SRB"]

1. d4 d5 2. Nf3 Nf6 3. e3 Bg4 4. h3 Bxf3 5. Qxf3 c6 6. c4 e6 7. Bd3 Bd6 8. Nc3 Nbd7 9. 0-0 0-0 10. b3 Qa5 11. Bd2 Qc7 12. Rac1 dxc4 13. bxc4 Rfe8 14. Ne4 Nxe4 15. Bxe4 Nf6 16. Bb1 Qe7 17. e4 e5 18. d5 cxd5 19. cxd5 Nd7 20. Rc4 Rec8 21. Rfc1 Nb6 22. Rxc8+ Rxc8 23. Rxc8+ Nxc8 24. Qc3 Bc5 25. Be3 b6 26. Bd3 Qd6 27. Ba6 Ne7 28. Bxc5 bxc5 29. Bd3 f6 30. Qa5 Nc8 31. Qb5 Nb6 32. Qa6 Qc7 33. Bb5 c4 34. Bc6 Qe7 35. Qa5 g6 36. Kf1 Nc8 37. a3 Nd6 38. Qb4 Qc7 39. f3 Kf7 40. a4 Ke7 41. Ke2 Qb6 42. Qxb6 axb6 1/2-1/2